100 Premier League Appearances: FC Arsenal - Statistics

General Stats
  • This quiz has been taken 66 times
  • The average score is 8 of 17
Answers on the Grid
Answers color-coded by a green-red scale on the quiz's grid according to % correct below.
Robin van Persie
Nicolas Anelka
Denilson
Bernd Leno
Mesut Özil
Gervinho
Kolo Toure
Samir Nasri
Ian Selley
Patrick Vieira
Mathieu Flamini
Henrikh Mkhitaryan
Mikel Arteta
Nwankwo Kanu
Bukayo Saka
Skhodran Mustafi
Edu Gaspar
Theo Walcott
Kieran Gibbs
Lukas Podolski
David Seaman
John Jensen
Mohamed Elneny
Johan Djourou
Ashley Cole
Sead Kolasinac
Alexandre Lacazette
Marouane Chamakh
Abou Diaby
Jack Wilshere
 
Answer Stats
Answer % Correct
Robin van Persie
85%
Mesut Özil
77%
Patrick Vieira
75%
Bukayo Saka
71%
Theo Walcott
71%
Ashley Cole
56%
David Seaman
56%
Kolo Toure
54%
Jack Wilshere
46%
Alexandre Lacazette
44%
Mikel Arteta
44%
Bernd Leno
35%
Mathieu Flamini
27%
Kieran Gibbs
25%
Skhodran Mustafi
17%
Nwankwo Kanu
13%
Abou Diaby
8%
No matching quizzes found
Score Distribution
Percent of People with Each Score
Percentile by Number Answered
Your Score History
You have not taken this quiz